书目信息 |
| 题名: |
学以致用
|
|
| 作者: | 汉农 , 吉林森 , 香克斯 著 ;瑞萨 , 刘海粟 摄 | |
| 分册: | ||
| 出版信息: | 北京 中国人民大学出版社 2016 |
|
| 页数: | 212页 | |
| 开本: | 24cm | |
| 丛书名: | ||
| 单 册: | ||
| 中图分类: | G719.1 | |
| 科图分类: | ||
| 主题词: | 职业教育--教育改革--研究--世界 | |
| 电子资源: | ||
| ISBN: | 978-7-300-23428-1 | |
| 000 | 01891nam0 2200373 450 | |
| 001 | 2221 | |
| 005 | 20180522173122.21 | |
| 010 | @a978-7-300-23428-1@dCNY59.80 | |
| 100 | @a20170215d2016 em y0chiy50 ea | |
| 101 | 1 | @achi@ceng |
| 102 | @aCN@b110000 | |
| 105 | @aa az 000yy | |
| 200 | 1 | @a学以致用@9xue yi zhi yong@e世界教育趋势及令人振奋的实践@dLearning a living@eradical innovation in education for work@f(英)瓦莱丽·汉农,(英)萨拉·吉林森,(英)莉奥妮·香克斯著@g(法)瑞萨摄@g刘海粟译@zeng |
| 210 | @a北京@c中国人民大学出版社@d2016 | |
| 215 | @a212页@c彩照@d24cm | |
| 305 | @a本书中文版由权利人授权人民大学出版社独家翻译出版 | |
| 314 | @a瓦莱丽·汉农 (Valerie Hannon),“创新单元”董事。她也是“英格兰教育”的前任理事、教育创新领域专家、“全球教育领导者”项目的创始人之一。 | |
| 314 | @a萨拉·吉林森 (Sarah Gillinson),“创新单元”合伙人,“激进效率”项目负责人。 | |
| 314 | @a莉奥妮·香克斯 (Leonie Shanks),“创新单元”研究员、项目协调员以及《21世纪的10所学校》《21世纪教育的10个理念》二书的合著者。 | |
| 314 | @a瑞萨,享誉全球的美国《国家地理》杂志摄影记者。 | |
| 314 | @a刘海粟,现任深圳明德实验学校副校长。 | |
| 320 | @a有书目(第203-207页) | |
| 330 | @a本书在全球范围内选取了15个国家的教育创新案例,介绍了改革者们在教与学的领域所做出的创新实践和尝试,总结了适应21世纪工作和学习的新范式。 | |
| 510 | 1 | @aLearning a living@eradical innovation in education for work@zeng |
| 517 | 1 | @a世界教育趋势及令人振奋的实践@9shi jie jiao yu qu shi ji ling ren zhen fen de shi jian |
| 606 | 0 | @a职业教育@x教育改革@x研究@y世界 |
| 690 | @aG719.1@v5 | |
| 701 | 0 | @c(英)@a汉农@9han nong@c(Hannon, Valerie)@4著 |
| 701 | 0 | @c(英)@a吉林森@9ji lin sen@c(Gillinson, Sarah)@4著 |
| 701 | 0 | @c(英)@a香克斯@9xiang ke si@c(Shanks, Leonie)@4著 |
| 702 | 0 | @c(法)@a瑞萨@9rui sa@4摄 |
| 702 | 0 | @a刘海粟@9liu hai su@4译 |
| 801 | 0 | @aCN@b91MARC@c20170215 |
| 905 | @aMuseLib@dG719.1@e44 | |
| 学以致用:世界教育趋势及令人振奋的实践=Learning a living:radical innovation in education for work/(英)瓦莱丽·汉农,(英)萨拉·吉林森,(英)莉奥妮·香克斯著/(法)瑞萨摄/刘海粟译.-北京:中国人民大学出版社,2016 |
| 212页:彩照;24cm |
| ISBN 978-7-300-23428-1:CNY59.80 |
| 本书在全球范围内选取了15个国家的教育创新案例,介绍了改革者们在教与学的领域所做出的创新实践和尝试,总结了适应21世纪工作和学习的新范式。 |
| ● |
| 相关链接 |
|
|
|
|
正题名:学以致用
索取号:G719.1/44
 
预约/预借
| 序号 | 登录号 | 条形码 | 馆藏地/架位号 | 状态 | 备注 |
| 1 | 1108432 | 211084324 | 第一样本阅览室/ [索取号:G719.1/44] | 在馆 | |
| 2 | 1108433 | 211084333 | 教育系资料室/ [索取号:G719.1/44] | 在馆 | |
| 3 | 1108434 | 211084342 | 教育系资料室/ [索取号:G719.1/44] | 在馆 | |
| 4 | 1108435 | 211084351 | 第四借阅区/ [索取号:G719.1/44] | 在馆 |